| 000 | 00625nam a2200253Ia 4500 | ||
|---|---|---|---|
| 008 | 210210b2008 xxu||||| |||| 00| 0 eng d | ||
| 020 | _a818069111X | ||
| 041 | _aeng | ||
| 082 | _a150.028 RAJE | ||
| 100 | _aRAJAMANICKAM (M) | ||
| 245 | _aExperimental psychology with advanced experiments Vol I | ||
| 260 |
_aNew Delhi _bConcept Publishing Company. _c2008 |
||
| 300 | _axvii,534 | ||
| 440 | _aI | ||
| 650 | _awith | ||
| 650 | _aVol | ||
| 650 | _apsychology | ||
| 650 | _aI | ||
| 650 | _aexperiments | ||
| 650 | _aExperimental | ||
| 650 | _aadvanced | ||
| 690 | _aExperimental Psychology | ||
| 906 | _a063216 | ||
| 999 |
_c133600 _d133600 |
||